000 01242nam a22001937a 4500
008 111117s1963 ua|||||| ||| 00| 0ara d
082 _222
_a212
_bق ت ي
100 _927779
_aابن قتيبة ،
_qأبي محمد عبد الله بن مسلم بن قتيبة الدينوري
245 _aعيون الأخبار /
_cتأليف أبي محمد عبد الله بن مسلم بن قتيبة الدينوري
260 _a[القاهرة] :
_bالمؤسسة المصرية العامة للتأليف والترجمة والطباعة و النشر ، 1963
_c1963
300 _a2 مج ؛
_c22 سم
500 _aيشتمل على كشافات
505 _aمج.1، كتاب السلطان - كتاب الحرب - كتاب السؤدد -- مج3 ، كتاب الإخوان - كتاب الحوائج - كتاب الطعام
650 _915836
_aالأخلاق الإسلامية
653 _bAra
_cNovember2011
942 _2ddc
_cBB
999 _c16225
_d16225